[Event "CHI-chT"]
[Site "Santiago de Chile"]
[Date "2019.09.05"]
[Round "1.2"]
[White "Abello Farias, Javier Fernando"]
[Black "Olivares Olivares, Claudio"]
[Result "0-1"]
[WhiteElo "1900"]
[BlackElo "2403"]
[PlyCount "52"]
[EventDate "2019.09.05"]
[EventType "team-swiss"]
[EventRounds "9"]
[EventCountry "CHI"]
[SourceTitle "CBM 193 Extra"]
[Source "ChessBase"]
[SourceDate "2020.01.31"]
[SourceVersion "1"]
[SourceVersionDate "2020.01.31"]
[SourceQuality "1"]
[WhiteTeam "La Florida CC II"]
[BlackTeam "Chile CC"]
[WhiteTeamCountry "CHI"]
[BlackTeamCountry "CHI"]

1. d4 Nf6 2. c4 c5 3. d5 e6 4. Nc3 exd5 5. cxd5 d6 6. Nf3 g6 7. Nd2 Bg7 8. e4 0-0 9. Be2 Na6 10. 0-0 Re8 11. h3 Rb8 12. Re1 Nc7 13. a4 a6 14. a5 Bd7 15. Nc4 Nxe4 16. Nxe4 Rxe4 17. Nxd6 Rd4 18. Qb3 Bf8 19. Nxf7 Kxf7 20. d6+ Ne6 21. Bc4 Qf6 22. Bg5 Qxg5 23. Bxe6+ Bxe6 24. Qxe6+ Kg7 25. Re5 Qf6 26. Qd7+ Qf7 0-1

[Event "Donihue U2200 op"]
[Site "Donihue"]
[Date "2014.02.01"]
[Round "4"]
[White "Condori Aranya, Edwin"]
[Black "Abello Farias, Javier Fernando"]
[Result "1/2-1/2"]
[WhiteElo "2180"]
[BlackElo "2024"]
[PlyCount "64"]
[EventDate "2014.01.31"]
[EventType "swiss"]
[EventRounds "7"]
[EventCountry "CHI"]
[SourceTitle "EXT 2015"]
[Source "ChessBase"]
[SourceDate "2014.11.20"]
[SourceVersion "1"]
[SourceVersionDate "2014.11.20"]
[SourceQuality "1"]

1. Nf3 d5 2. c4 c6 3. g3 Nf6 4. Bg2 Bf5 5. Qb3 Qb6 6. d3 e6 7. Nh4 Bg4 8. h3 Bh5 9. g4 Bg6 10. Nxg6 hxg6 11. Nd2 Bc5 12. e3 Na6 13. Qxb6 axb6 14. Ke2 Be7 15. Nb3 Nd7 16. cxd5 exd5 17. d4 Nf6 18. Bd2 Nc7 19. a3 Nb5 20. Nc1 Nd6 21. Nd3 Nc4 22. Rhc1 b5 23. f3 0-0 24. Re1 Rfe8 25. Bc1 b4 26. Ne5 Nxe5 27. dxe5 Nd7 28. f4 Nb6 29. Rb1 Nc4 30. axb4 Bxb4 31. Rd1 Ra2 32. Kf1 Rea8 1/2-1/2

[Event "CHI-ch sf Centro"]
[Site "Santiago de Chile"]
[Date "2014.01.23"]
[Round "2"]
[White "Abello Farias, Javier Fernando"]
[Black "Perez, Robinson Molina"]
[Result "1-0"]
[WhiteElo "2024"]
[BlackElo "2287"]
[PlyCount "93"]
[EventDate "2014.01.22"]
[EventType "swiss"]
[EventRounds "7"]
[EventCountry "CHI"]
[SourceTitle "CBM 158 Extra"]
[Source "ChessBase"]
[SourceDate "2014.02.28"]
[SourceVersion "1"]
[SourceVersionDate "2014.02.28"]
[SourceQuality "1"]

1. d4 Nf6 2. c4 g6 3. Nc3 d5 4. Nf3 Bg7 5. g3 0-0 6. Bg2 c5 7. dxc5 Qa5 8. 0-0 dxc4 9. Qa4 Qxc5 10. Be3 Qh5 11. Qxc4 Ng4 12. Qc5 Nxe3 13. Qxh5 gxh5 14. fxe3 Nc6 15. Rad1 Nb4 16. Nd4 Bh6 17. Nf5 Bg5 18. h4 Bf6 19. Nd5 Nxa2 20. Nxf6+ exf6 21. Ne7+ Kg7 22. Nxc8 Raxc8 23. Ra1 Nb4 24. Rxa7 Nc2 25. Rc1 Nxe3 26. Rxc8 Rxc8 27. Rxb7 Rc1+ 28. Kf2 Nd1+ 29. Kf3 Rc2 30. b3 Rc3+ 31. Kf4 Ne3 32. Bf3 Kg6 33. Re7 Nf1 34. Be4+ Kg7 35. Bd5 Nxg3 36. Bc4 Nf1 37. Rxf7+ Kg6 38. Rd7 f5 39. Rd6+ Kg7 40. Rd3 Rc2 41. Kxf5 Nd2 42. Rd7+ Kf8 43. Rxh7 Nxc4 44. bxc4 Rxe2 45. Kf6 Rf2+ 46. Ke5 Ra2 47. c5 1-0

[Event "CHI-chT"]
[Site "Santiago de Chile"]
[Date "2012.12.04"]
[Round "4"]
[White "Abello Farias, Javier Fernando"]
[Black "Fuentes Toro, Cristian"]
[Result "1-0"]
[WhiteElo "1982"]
[BlackElo "1958"]
[PlyCount "167"]
[EventDate "2012.11.22"]
[EventType "team-tourn"]
[EventRounds "9"]
[EventCountry "CHI"]
[SourceTitle "EXT 2014"]
[Source "ChessBase"]
[SourceDate "2013.11.20"]
[SourceVersion "1"]
[SourceVersionDate "2013.11.20"]
[SourceQuality "1"]

1. d4 Nf6 2. c4 e5 3. dxe5 Ng4 4. e3 Nxe5 5. Nh3 Bc5 6. Nc3 d6 7. Nf4 a5 8. Be2 0-0 9. 0-0 Nbd7 10. b3 Nf6 11. Na4 Ba7 12. Bb2 Qe7 13. Bd4 b6 14. Nd5 Nxd5 15. cxd5 Bb7 16. f4 Nd7 17. Bf3 f5 18. Rc1 Rac8 19. Nc3 Nf6 20. Re1 Qf7 21. Nb5 Bb8 22. Bxf6 Qxf6 23. Nd4 Rce8 24. Rc3 b5 25. Qc1 b4 26. Rxc7 Bxc7 27. Qxc7 Re7 28. Qb6 Qh4 29. g3 Qf6 30. Kf2 Rc8 31. Nc6 Bxc6 32. dxc6 g6 33. Qxa5 Qc3 34. Qd5+ Kg7 35. Qd4+ Qxd4 36. exd4 Ra7 37. Re2 Kf6 38. d5 Re7 39. Rc2 Ra8 40. Be2 Rea7 41. Rc4 Rxa2 42. Kf3 Rd2 43. c7 Rc8 44. Rc6 Ke7 45. Ba6 Kd7 46. Bxc8+ Kxc8 47. Ke3 Rxd5 48. Rc4 Rc5 49. Rxb4 Kxc7 50. Kd4 Ra5 51. Ra4 Rb5 52. Ra7+ Kc6 53. Rxh7 Rxb3 54. Rh6 Rb4+ 55. Kc3 Re4 56. Rxg6 Re2 57. h4 Rh2 58. Kd4 Rd2+ 59. Ke3 Rh2 60. Rg5 d5 61. Rxf5 Kc5 62. Kd3 Rf2 63. Rg5 Rf3+ 64. Ke2 Rb3 65. h5 Kd4 66. h6 Rb2+ 67. Kf3 Rh2 68. Rg6 Kd3 69. g4 d4 70. Rd6 Kc3 71. g5 d3 72. Kg4 d2 73. Kf5 Kc2 74. Rxd2+ Kxd2 75. Kg6 Ke3 76. f5 Kf4 77. f6 Rg2 78. Kh7 Rxg5 79. f7 Rf5 80. Kg7 Rg5+ 81. Kf8 Rh5 82. Ke7 Re5+ 83. Kd6 Rf5 84. h7 1-0

[Event "Santiago de Chile Nunoa CC IRT 1"]
[Site "Santiago de Chile"]
[Date "2012.07.17"]
[Round "5"]
[White "Tomka, Damir"]
[Black "Abello Farias, Javier Fernando"]
[Result "1-0"]
[WhiteElo "2032"]
[BlackElo "2005"]
[PlyCount "55"]
[EventDate "2012.07.03"]
[EventType "tourn"]
[EventRounds "7"]
[EventCountry "CHI"]
[SourceTitle "EXT 2013"]
[Source "ChessBase"]
[SourceDate "2012.11.22"]
[SourceVersion "1"]
[SourceVersionDate "2012.11.22"]
[SourceQuality "1"]

1. c4 c6 2. g3 d5 3. Bg2 Nf6 4. Nc3 d4 5. Ne4 Nxe4 6. Bxe4 f5 7. Bg2 e5 8. a3 Qf6 9. d3 Bd6 10. Nf3 e4 11. dxe4 fxe4 12. Nxd4 Be5 13. e3 0-0 14. 0-0 c5 15. Nb3 Be6 16. Bxe4 Bxc4 17. Bd5+ Bxd5 18. Qxd5+ Kh8 19. Nxc5 Nc6 20. Nd7 Qd8 21. Rd1 Bc7 22. b4 Qe7 23. Nxf8 Qxf8 24. Bb2 Re8 25. Rac1 Bb6 26. b5 Ne7 27. Qxb7 Nf5 28. Rd7 1-0

[Event "Santiago de Chile Nunoa CC IRT 1"]
[Site "Santiago de Chile"]
[Date "2012.07.10"]
[Round "3"]
[White "Larrain Cortes, Cristian"]
[Black "Abello Farias, Javier Fernando"]
[Result "1-0"]
[WhiteElo "2079"]
[BlackElo "2005"]
[PlyCount "115"]
[EventDate "2012.07.03"]
[EventType "tourn"]
[EventRounds "7"]
[EventCountry "CHI"]
[SourceTitle "EXT 2013"]
[Source "ChessBase"]
[SourceDate "2012.11.22"]
[SourceVersion "1"]
[SourceVersionDate "2012.11.22"]
[SourceQuality "1"]

1. e4 e6 2. d3 d5 3. Nd2 Nf6 4. Ngf3 Bc5 5. e5 Nfd7 6. g3 Nc6 7. Nb3 Be7 8. d4 f6 9. Bh3 fxe5 10. Bxe6 e4 11. Ng5 Bxg5 12. Qh5+ g6 13. Qxg5 Qxg5 14. Bxg5 Nb6 15. Bxc8 Rxc8 16. Bh6 Nc4 17. 0-0-0 Nd6 18. Rhe1 b6 19. f3 Kd7 20. fxe4 dxe4 21. Nc5+ bxc5 22. dxc5 Rhe8 23. cxd6 cxd6 24. a3 Ne5 25. Kb1 Nf3 26. Re3 g5 27. h3 Re6 28. Bg7 g4 29. h4 Rc5 30. Bc3 Kc6 31. Bb4 Rc4 32. c3 Kd7 33. b3 Rc6 34. c4 Ke7 35. Rd5 Nh2 36. Rd4 Nf1 37. Rexe4 h5 38. Be1 Rc8 39. Rxe6+ Kxe6 40. Re4+ Kd7 41. Rf4 Ne3 42. Bd2 Re8 43. Rf2 Re5 44. Rf7+ Kc6 45. Rxa7 Nf1 46. Ba5 d5 47. Rc7+ Kd6 48. Rf7 Re3 49. Bc7+ Ke6 50. Rxf1 Rxb3+ 51. Ka2 dxc4 52. Rd1 Rf3 53. a4 Rf5 54. a5 Rc5 55. Bb6 Rc6 56. Kb2 Ke5 57. Re1+ Kd5 58. Kc3 1-0

[Event "Santiago Endesa 07"]
[Site "Santiago de Chile"]
[Date "2010.06.18"]
[Round "6"]
[White "Pollio, Carlos Eduardo"]
[Black "Abello Farias, Javier Fernando"]
[Result "0-1"]
[WhiteElo "1987"]
[BlackElo "2026"]
[PlyCount "98"]
[EventDate "2010.06.07"]
[EventType "tourn"]
[EventRounds "11"]
[EventCountry "CHI"]
[SourceTitle "EXT 2012"]
[Source "ChessBase"]
[SourceDate "2011.11.24"]
[SourceVersion "1"]
[SourceVersionDate "2011.11.24"]
[SourceQuality "1"]

1. d4 d5 2. Nf3 Nf6 3. Bf4 c6 4. Nbd2 Bf5 5. e3 Qb6 6. Rb1 Nbd7 7. Nh4 Bg6 8. Nxg6 hxg6 9. h3 e6 10. Bd3 c5 11. c3 Bd6 12. Bxd6 Qxd6 13. f4 g5 14. 0-0 gxf4 15. exf4 0-0-0 16. Qe1 Kb8 17. Qe3 cxd4 18. cxd4 Rh4 19. Rf3 Ka8 20. Rc1 Qb6 21. Qf2 Rhh8 22. Nb3 Nb8 23. Nc5 Qc7 24. Rc3 Nc6 25. Bb5 Ne4 26. Nxe4 dxe4 27. Rg3 f5 28. Bxc6 bxc6 29. Rg6 Qb6 30. Kh2 Rxd4 31. Rxg7 c5 32. Ra3 Rhd8 33. Qh4 R4d7 34. Qf6 Qd6 35. Qxd8+ Rxd8 36. Rgxa7+ Kb8 37. Ra8+ Kc7 38. R3a7+ Kc6 39. Ra6+ Kb5 40. Rxd6 Rxd6 41. Kg1 Kc4 42. h4 Kd3 43. Kf2 Kd2 44. Ra3 Rd3 45. Rxd3+ exd3 46. h5 Kc2 47. h6 d2 48. h7 d1Q 49. h8Q Qd4+ 0-1

[Event "Santiago Endesa 07"]
[Site "Santiago de Chile"]
[Date "2010.06.11"]
[Round "3"]
[White "Abello Farias, Javier Fernando"]
[Black "Donoso, Juan"]
[Result "1-0"]
[WhiteElo "2026"]
[BlackElo "1639"]
[PlyCount "55"]
[EventDate "2010.06.07"]
[EventType "tourn"]
[EventRounds "11"]
[EventCountry "CHI"]
[SourceTitle "EXT 2012"]
[Source "ChessBase"]
[SourceDate "2011.11.24"]
[SourceVersion "1"]
[SourceVersionDate "2011.11.24"]
[SourceQuality "1"]

1. d4 d5 2. c4 dxc4 3. Nf3 e6 4. g3 Nf6 5. Qa4+ c6 6. Qxc4 Qb6 7. Bg2 Nbd7 8. 0-0 Bd6 9. Nc3 0-0 10. e4 Be7 11. h3 Qb4 12. Qe2 Qa5 13. Bd2 Qd8 14. Rfd1 Nb6 15. a4 a5 16. Be3 Bd7 17. Kh2 Re8 18. Ne5 Qc7 19. Rac1 Qd8 20. f4 g6 21. Qf2 Nc8 22. d5 Nxe4 23. Bxe4 exd5 24. Nxd5 cxd5 25. Bxd5 Rf8 26. Nxd7 Qe8 27. Bxb7 Ra7 28. Bxa7 1-0

[Event "Santiago Endesa 14"]
[Site "Santiago de Chile"]
[Date "2009.07.03"]
[Round "2"]
[White "Correa Karutz, Rodrigo"]
[Black "Abello Farias, Javier Fernando"]
[Result "1-0"]
[WhiteElo "1567"]
[BlackElo "2062"]
[PlyCount "109"]
[EventDate "2009.07.01"]
[EventType "tourn"]
[EventRounds "11"]
[EventCountry "CHI"]
[SourceTitle "EXT 2012"]
[Source "ChessBase"]
[SourceDate "2011.11.24"]
[SourceVersion "1"]
[SourceVersionDate "2011.11.24"]
[SourceQuality "1"]

1. d4 d5 2. c4 c6 3. Nc3 Nf6 4. cxd5 cxd5 5. Nf3 Nc6 6. Qc2 e6 7. Bf4 Bd6 8. Bxd6 Qxd6 9. e3 0-0 10. Be2 b6 11. 0-0 Nb4 12. Qa4 Bd7 13. Qb3 a5 14. a3 a4 15. Qxb4 Qxb4 16. axb4 Rfc8 17. b5 a3 18. Rfb1 Ne4 19. Nxe4 axb2 20. Rxa8 Rxa8 21. Ned2 Ra1 22. Ne5 Be8 23. g3 f6 24. Nc6 Kf8 25. Kg2 Rxb1 26. Nxb1 Bg6 27. Nd2 b1Q 28. Nxb1 Bxb1 29. Nb4 Bg6 30. Bd3 Bf7 31. f3 g6 32. e4 dxe4 33. fxe4 Ke7 34. Kf3 Kd6 35. Bc4 Be8 36. Nd3 e5 37. dxe5+ fxe5 38. Kg4 h6 39. Kf3 Bd7 40. Ke3 Be8 41. Kd2 g5 42. Kc3 Bg6 43. Bd5 Be8 44. Kb4 h5 45. Nb2 h4 46. gxh4 gxh4 47. Nc4+ Kc7 48. Nxe5 Kd6 49. Nc4+ Kc7 50. e5 Bh5 51. e6 Be2 52. Bc6 Kd8 53. Nxb6 h3 54. Kc5 Bf1 55. Nd5 1-0

[Event "Santiago Endesa 14"]
[Site "Santiago de Chile"]
[Date "2009.07.01"]
[Round "1"]
[White "Abello Farias, Javier Fernando"]
[Black "Andrade, Rodrigo"]
[Result "1-0"]
[WhiteElo "2062"]
[BlackElo "1980"]
[PlyCount "100"]
[EventDate "2009.07.01"]
[EventType "tourn"]
[EventRounds "11"]
[EventCountry "CHI"]
[SourceTitle "EXT 2012"]
[Source "ChessBase"]
[SourceDate "2011.11.24"]
[SourceVersion "1"]
[SourceVersionDate "2011.11.24"]
[SourceQuality "1"]

1. d4 d5 2. c4 e6 3. Nc3 Nf6 4. Nf3 Be7 5. Bg5 Nbd7 6. e3 c6 7. Qc2 h6 8. Bh4 dxc4 9. Bxc4 Nb6 10. Bb3 Nbd5 11. a3 Qa5 12. 0-0 Nxc3 13. bxc3 0-0 14. e4 Qh5 15. e5 Nd5 16. Bxe7 Nxe7 17. Nd2 Nd5 18. Ne4 b6 19. Rfe1 Ba6 20. c4 Nc7 21. Re3 Rad8 22. Qd3 Ne8 23. Bc2 c5 24. Nxc5 g6 25. Nxa6 Qh4 26. Re4 Qe7 27. Nb4 Qc7 28. d5 Ng7 29. Nc6 Rc8 30. Qh3 h5 31. Rd1 b5 32. cxb5 exd5 33. Rxd5 Ne6 34. Rc4 Kg7 35. Qc3 Qb7 36. a4 Rce8 37. Rd1 Rh8 38. Kh1 h4 39. h3 Rh5 40. f4 Qb6 41. Qf3 a6 42. f5 Ng5 43. Qf4 axb5 44. axb5 Qxb5 45. fxg6 Re6 46. gxf7 Nxf7 47. Qg4+ Ng5 48. Rd7+ Kh6 49. Rh7+ Nxh7 50. Qxe6+ Kg7 1-0

[Event "Santiago Endesa op 1st"]
[Site "Santiago de Chile"]
[Date "2009.05.05"]
[Round "5"]
[White "Von Dessauer Orellana, Daniel J"]
[Black "Abello Farias, Javier Fernando"]
[Result "1-0"]
[WhiteElo "2014"]
[BlackElo "2063"]
[PlyCount "109"]
[EventDate "2009.04.21"]
[EventType "swiss"]
[EventRounds "9"]
[EventCountry "CHI"]
[SourceTitle "EXT 2012"]
[Source "ChessBase"]
[SourceDate "2011.11.24"]
[SourceVersion "1"]
[SourceVersionDate "2011.11.24"]
[SourceQuality "1"]

1. d4 d5 2. Nf3 Nf6 3. e3 c6 4. Nbd2 Bg4 5. c3 Nbd7 6. Qb3 Bxf3 7. Nxf3 Qb6 8. Qc2 e6 9. Bd3 Bd6 10. b4 e5 11. dxe5 Nxe5 12. Nxe5 Bxe5 13. 0-0 0-0 14. f4 Bd6 15. Rb1 Rfe8 16. Kh1 Ne4 17. c4 Bf8 18. c5 Qd8 19. f5 Qh4 20. Kg1 Qg5 21. Rf4 Re5 22. f6 Nxf6 23. Bb2 Rxe3 24. Rbf1 Be7 25. Bc1 Rxd3 26. Qxd3 Qg6 27. Qf3 a5 28. Rf5 h6 29. a3 axb4 30. axb4 Ra2 31. Re5 Bf8 32. Re2 Rxe2 33. Qxe2 Qe4 34. Qxe4 Nxe4 35. Be3 g6 36. Ra1 Bg7 37. Ra7 Bc3 38. Rxb7 Kg7 39. Kf1 g5 40. Ke2 Kf6 41. Kd3 Ke6 42. Bd4 Bd2 43. g3 h5 44. b5 cxb5 45. Rxb5 Be1 46. c6 Nd6 47. Rb2 Ba5 48. Bb6 Nc4 49. Re2+ Kd6 50. Bxa5 Nxa5 51. c7 Kxc7 52. Re7+ Kd6 53. Rxf7 Nc4 54. Kd4 Ne5 55. Rf6+ 1-0

[Event "Santiago Endesa op 1st"]
[Site "Santiago de Chile"]
[Date "2009.04.30"]
[Round "4"]
[White "Abello Farias, Javier Fernando"]
[Black "Caurapan Osses, Jaime"]
[Result "1-0"]
[WhiteElo "2063"]
[BlackElo "2167"]
[PlyCount "117"]
[EventDate "2009.04.21"]
[EventType "swiss"]
[EventRounds "9"]
[EventCountry "CHI"]
[SourceTitle "EXT 2012"]
[Source "ChessBase"]
[SourceDate "2011.11.24"]
[SourceVersion "1"]
[SourceVersionDate "2011.11.24"]
[SourceQuality "1"]

1. d4 Nf6 2. c4 e6 3. Nc3 b6 4. Nf3 Bb7 5. g3 Bb4 6. Bg2 Ne4 7. Qc2 f5 8. 0-0 Nxc3 9. bxc3 Be7 10. d5 0-0 11. Nd4 Bc5 12. Nb3 Bd6 13. Rb1 Na6 14. Na5 bxa5 15. Rxb7 e5 16. Rb5 a4 17. Qxa4 Nc5 18. Qa5 Qe7 19. Be3 a6 20. Rxc5 Bxc5 21. Bxc5 d6 22. Bb4 e4 23. c5 Rf6 24. cxd6 cxd6 25. Qb6 Qd7 26. c4 Qc8 27. Bc3 Rg6 28. Qd4 Qc7 29. Bh3 Rf6 30. f3 Re8 31. Rb1 exf3 32. exf3 Rf7 33. Bf1 Rb8 34. Rxb8+ Qxb8 35. Bd3 Qc7 36. Bb4 a5 37. Ba3 Qe7 38. Kf2 Qd7 39. c5 Qa7 40. Qc4 h5 41. Qb5 h4 42. Qb6 hxg3+ 43. hxg3 Qd7 44. Bb5 Qe7 45. Qxd6 Qg5 46. Qf4 Qf6 47. d6 g5 48. Qd2 Rh7 49. Bf1 f4 50. Qd5+ Kh8 51. Qa8+ Kg7 52. Qb7+ Kh6 53. Qb2 fxg3+ 54. Kg2 Qf5 55. Qc3 Rf7 56. Bc4 Rf8 57. Bb2 Qg6 58. d7 g4 59. Qg7+ 1-0

[Event "Santiago Endesa 16"]
[Site "Santiago de Chile"]
[Date "2008.09.10"]
[Round "11"]
[White "Caurapan Osses, Jaime"]
[Black "Abello Farias, Javier Fernando"]
[Result "0-1"]
[WhiteElo "2208"]
[BlackElo "2048"]
[PlyCount "96"]
[EventDate "2008.08.18"]
[EventType "tourn"]
[EventRounds "11"]
[EventCountry "CHI"]
[SourceTitle "EXT 2012"]
[Source "ChessBase"]
[SourceDate "2011.11.24"]
[SourceVersion "1"]
[SourceVersionDate "2011.11.24"]
[SourceQuality "1"]

1. e4 e6 2. d4 d5 3. e5 c5 4. c3 Nc6 5. Nf3 Qb6 6. Bd3 cxd4 7. cxd4 Bd7 8. Bc2 Nb4 9. 0-0 Nxc2 10. Qxc2 Rc8 11. Nc3 Ne7 12. Be3 Nf5 13. g4 Ne7 14. Kh1 h5 15. Rg1 hxg4 16. Rxg4 Nf5 17. Qd2 Bb4 18. Rgg1 f6 19. a3 Bxc3 20. bxc3 Rh3 21. Kg2 Rh5 22. Rab1 Qc7 23. exf6 gxf6 24. Bf4 Qxc3 25. Rxb7 Qxa3 26. Qe2 Ke7 27. Rxd7+ Kxd7 28. Qb5+ Kd8 29. Re1 Qxf3+ 30. Kxf3 Nxd4+ 31. Kg4 Nxb5 32. Kxh5 Kd7 33. Kg6 e5 34. Bg3 Ke6 35. Kg7 Nd4 36. Ra1 Nf5+ 37. Kh7 Rc7+ 38. Kh8 d4 39. h4 Nxg3 40. fxg3 Kf5 41. Kg8 d3 42. h5 d2 43. g4+ Kxg4 44. Rd1 Kxh5 45. Rxd2 Kg4 46. Re2 a5 47. Re1 Ra7 48. Rg1+ Kf5 0-1

[Event "Santiago Endesa 16"]
[Site "Santiago de Chile"]
[Date "2008.08.22"]
[Round "3"]
[White "Abello Farias, Javier Fernando"]
[Black "Bombardiere Rosas, Eduardo"]
[Result "0-1"]
[WhiteElo "2048"]
[BlackElo "2280"]
[PlyCount "94"]
[EventDate "2008.08.18"]
[EventType "tourn"]
[EventRounds "11"]
[EventCountry "CHI"]
[SourceTitle "EXT 2012"]
[Source "ChessBase"]
[SourceDate "2011.11.24"]
[SourceVersion "1"]
[SourceVersionDate "2011.11.24"]
[SourceQuality "1"]

1. d4 Nf6 2. c4 e6 3. Nc3 Bb4 4. Qc2 c5 5. e3 b6 6. Be2 Bb7 7. Bf3 Bxf3 8. Nxf3 cxd4 9. Nxd4 Qc7 10. a3 Bxc3+ 11. Qxc3 0-0 12. 0-0 Rc8 13. b3 d5 14. Bb2 dxc4 15. Rfc1 Nbd7 16. bxc4 Qe5 17. Qb4 Qh5 18. Qd6 Qe5 19. Qb4 Qe4 20. Nf3 a5 21. Qd6 Rc6 22. Qg3 Qg4 23. Bd4 Qxg3 24. hxg3 Ng4 25. Rab1 e5 26. Ba1 f6 27. Rd1 Ra7 28. Nd2 Rac7 29. Kf1 Nc5 30. Ke2 Na4 31. f3 Nh6 32. Ne4 Kf7 33. g4 Ke6 34. g5 Nf7 35. gxf6 gxf6 36. c5 Nxc5 37. Nxc5+ bxc5 38. Rb5 a4 39. Bc3 c4 40. g4 Nd6 41. Rbd5 Rb7 42. Bb4 Nb5 43. e4 Nd4+ 44. Kf2 c3 45. Rc1 c2 46. Rc5 Rxc5 47. Bxc5 Rb1 0-1